| 000 | 00440nam a2200157Ia 4500 | ||
|---|---|---|---|
| 005 | 20170619150159.0 | ||
| 008 | 140602s9999 xx 000 0 und d | ||
| 020 | _a92-9091-020-3 | ||
| 100 | 1 | _aHARTELL, Rhonda L.. | |
| 245 | 1 | 0 | _aAlphabets of Africa. |
| 260 |
_bUNESCO: _c1993. _a[Place of publication not identified] : |
||
| 300 | _a306 pages; | ||
| 546 | _aAnglais | ||
| 650 | 0 | _aALPHABETS | |
| 650 | 0 | _aORTHOGRAPHES - Langues Africaines | |
| 999 |
_c64304 _d64278 |
||